02417nam a2200265Ia 4500001000600000003000900006008004100015040001300056040001300069041001500082100002100097100002900118240015900147240003500306245005900341245016000400250001100560260002100571260003200592260004900624300005700673500136200730650002802092650003102120K0414IT-RoPAU130308s9999 xx 000 0 und d aIT-RoPAU cIT-RoPAU aITALIANO  aTietze-Conrat E. gCodice Aut. SPICS: 60164 aMANTEGNA - PAINTINGS, DRAWINGS, ENGRAVINGS  gCodice Tit. Orig. Spics: T3870 aAndrea Mantegna. Le pitture - i disegni - le incisioni bAndrea Mantegna. Le pitture - I Disegni - le incisioni  a1a ed. aFIRENZE - LONDRA bSansoni - The Phaidon Press c1955 [1° Ed.:1955 - Ed.Ling.Originale:1955] a"288 p. (prefazione: no ; testo: 288 [pagine: 0-0])" a"Introduzione. Catalogo Opere. Dipinti. Disegni. Incisioni. Dipinti Perduti e Lavori Vari. Bibliografia. presentazione delle 152 Illustrazioni in bianco e Nero e 7 tavole a Colori: incontro di Ludovico Gonzaga col Figlio; croce fissione; Adorazione dei Magi; Morte della Vergine; Famiglia del Marchese Ludovico Gonzaga; Madonna col bambino e Cherubini; San Pietro; San Paolo; San Cristoforo; Assunzione della Vergine; Apostoli; vocazione di Giacomo e Giovanni; S. Giacomo parla Ai Demoni; S. Giacomo Battezza Ermogene; S. Giacomo Davanti a Erode Agrippa; soldato Romano; Martirio di S. Cristoforo; Re Colpito da una Freccia; Martirio di S. Giacomo; Orazione nell'Orto; paesaggio con Soldati Condotti da Giuda; Sant'Eufemia; presentazione di Gesu' al Tempio; S. Luca; Ss. Benedetto e Giustina; S. Giorgio; S. Sebastiano; Resurrezione; Adorazione dei Pastori; sacrificio di Abramo; Mose' con tavole della Legge; Cristo Sale al Cielo; Natura Morta; Cristo Morto; camera degli Sposi; Cacciatori con Segugi e Cavallo; Cortigiani; Federico Gonzaga; Orfeo...; Arione...; Ercole...; Imperatori; Giulio Cesare; Sepoltura di Cristo; battaglia di Divinità Marine; Tagliapietra; trionfo di Cesare; Aquila su un Ramo; Giuditta; Madonna della Vittoria; peccato di Adamo ed Eva; giudizio di Salomone; sacra Famiglia; Sansone e Dalila; Cristo Fanciullo; Vulcano; Ecc. D" aAUTORI/OPERE DI PITTURA eCodice materia Spics: 5207